Detalles MARC
| 000 -LIDER |
| fixed length control field |
01135nam a2200325 a 4500 |
| 001 - NÚMERO DE CONTROL |
| Identificador de número de control |
0045136 |
| 003 - IDENTIFICACDOR DE NÚMERO DE CONTROL |
| control field |
DO-SdBNP |
| 005 - DATE AND TIME OF LATEST TRANSACTION |
| control field |
20220711132307.0 |
| 007 - CAMPOS FIJOS DE DESCRIPCIÓN FÍSICA |
| fixed length control field |
0045136 |
| 008 - ELEMENTOS DE LONGITUD FIJA |
| fixed length control field |
150204s2005 sp a 000 0 spa d |
| 020 ## - ISBN |
| International Standard Book Number |
9788420468587 |
| 040 ## - FUENTE DE CATALOGACIÓN |
| Agencia que crea de manera original el registro |
BPMSU |
| Idioma de catalogación |
spa |
| Agencia que realiza la transcripción |
BPMSU |
| 082 ## - NÚMERO DE CLASIFICACIÓN DECIMAL DE DEWEY |
| Classification number |
863.3 |
| Item number |
C419do 2005 |
| Edition number |
22 |
| 100 1# - ASIENTO PRINCIPAL -- NOMBRE PERSONAL |
| Nombre personal |
Cervantes, Miguel de |
| Fechas asociadas con el nombre |
1547-1616 |
| 245 10 - MENCIÓN DE TITULO |
| Título |
Don quijote de la mancha : |
| Subtítulo |
antología anotada |
| Mención de responsabilidad |
M$cMiguel de Cervantes Saavedra ; traducción del prólogo Pilar del Río ; prólogo de José Saramago ; antología anotada por M. Rodríguez Cáceres ; ilustraciones Gustavo Doré. |
| 250 ## - MENCIÓN DE EDICION |
| Mención de edición |
|
| 260 ## - PUBLICACIÓN, DISTRIBUCIÓN, ETC. (PIE DE IMPRENTA) |
| Lugar de publicación, distribución, etc |
Madrid : |
| Nombre del editor, distribuidor, etc. |
Santillana, |
| Fecha de publicación, distribución, etc |
2005. |
| 300 ## - DESCRIPCIÓN FÍSICA |
| Extensión |
395 p. : |
| Otros detalles físicos |
il. ; |
| Dimensiones |
21 cm. |
| 490 0# - MENCIÓN DE SERIES |
| Mención de serie |
Alfaguara; |
| -- |
Roja |
| 590 ## - NOTA LOCAL |
| Enlace |
Iventariado, 2022/VM |
| 600 14 - ENCABEZAMIENTO DE MATERIA--NOMBRE PERSONAL |
| Nombre personal |
Cervantes Saavedra, Miguel de |
| Fechas asociadas con el nombre |
1547-1616 |
| Título de una obra |
Don Quijote de la Mancha |
| 650 #4 - ENCABEZAMIENTO DE MATERIA--TEMÁTICO |
| Término temático o nombre geográfico como elemento de entrada |
Novela española |
| 650 #4 - ENCABEZAMIENTO DE MATERIA--TEMÁTICO |
| Término temático o nombre geográfico como elemento de entrada |
Literatura española |
| 700 1# - ASIENTO SECUNDARIO -- NOMBRE PERSONAL |
| Nombre personal |
Saramago, José , |
| Mención de responsabilidad |
pról. |
| 700 1# - ASIENTO SECUNDARIO -- NOMBRE PERSONAL |
| Nombre personal |
Rodríguez Cáceres, M. |
| Mención de responsabilidad |
|
| 830 #0 - ASIENTO SECUNDARIO DE SERIE--TÍTULO UNIFORME |
| Título uniforme |
Alfaguara |
| 830 #0 - ASIENTO SECUNDARIO DE SERIE--TÍTULO UNIFORME |
| Título uniforme |
Roja |
| 910 ## - VALIDACIÓN |
| Validación |
VMateo V./Validado./ Control de calidad MFF |
| 942 ## - ADDED ENTRY ELEMENTS (KOHA) |
| Source of classification or shelving scheme |
Dewey Decimal Classification |
| Koha item type |
Libros |